[Event "XXX Magistral de León"]
[Site "Leon"]
[Date "2017.07.07"]
[Round "1.1"]
[White "So, Wesley"]
[Black "Duda, Jan-Krzysztof"]
[Result "0-1"]
[WhiteElo "2810"]
[BlackElo "2707"]
[Annotator "Estremera,Sergio"]
[PlyCount "35"]
[EventDate "2017.07.07"]
[EventType "tourn"]
[EventRounds "4"]
[EventCountry "ESP"]
[SourceDate "2017.07.07"]

{La primera semifinal del XXX Magistral Ciudad de León, el número 3 del
mundo, Wesley So, se enfrenta al el jovencísimo GM polaco Jan-Krzysztof Duda.
El encuentro es al mejor de 4 partidas de 20 minutos por jugador más 10
segundos de incremento desde la primera jugada. Ambos viven un gran
momento de forma: So se ha impuesto con claridad en Lovaina, un torneo a ritmo
rápido similar al empleado en León, en Lovaina superó a prácticamente
toda la elite mundial con el campeón del mundo, Magnus Carlsen a la cabeza.
Por su parte Duda, viene de jugar a gran nivel con la selección polaca en
el Campeonato del Mundo de Selecciones celebrado recientemente en
Khanty-Mansisk, un resultado que le ha permitido franquear por primera vez la
barrera de los 2700.} 1. d4 d5 2. c4 c6 3. Nf3 Nf6 4. e3 e6 5. b3 {Este orden
de jugadas, que elude las variantes más forzadas del sistema Merano, fue
popularizado hace unos años por Vladimir Kramnik.} c5 {reaccionando de
forma concreta las negras no dudan en mover dos veces el peón c para
contratacar inmediatamente en el centro.} 6. cxd5 Nxd5 7. Bb2 cxd4 8. Nxd4 e5
$5 {El propio Duda jugó anteriormente en dos ocasiones la natural} (8...
Bb4+ {y aunque el GM polaco  logró neutralizar la ventaja blanca en ambas
partidas, en esta ocasión plantea una jugada nueva en la practica magistral
que estamos seguros ha preparado a conciencia para este encuentro.} 9. Nd2 O-O
10. a3 Bc3 11. Bxc3 Nxc3 12. Qc2 Nd5 13. Bd3 h6 14. Bh7+ (14. N2f3 Bd7 15. O-O
Nc6 16. Qb2 Qf6 17. Rac1 Rfd8 18. Rc2 Rac8 19. Rfc1 Nxd4 20. Qxd4 Rxc2 21. Rxc2
Qxd4 22. Nxd4 Be8 23. Be2 Kf8 24. h4 Ne7 25. Kf1 Rc8 26. Rxc8 Nxc8 27. f4 Nd6
28. Bf3 Ke7 29. Ke2 f6 30. g4 e5 31. fxe5 fxe5 32. Nf5+ Nxf5 33. gxf5 b6 34. e4
Kd6 35. b4 a5 36. Ke3 Bb5 37. Bh5 axb4 38. axb4 Bc4 39. Be8 Ke7 40. Bh5 Kf6 {
1/2-1/2 (40) Sargissian,G (2689)-Duda,J (2658) Reykjavik 2015}) 14... Kh8 15.
Be4 b6 16. O-O Bb7 17. Nc4 Qe7 18. Rfd1 Rd8 19. Rac1 Nd7 20. Nf5 exf5 21. Bxd5
Bxd5 22. Rxd5 g6 23. Rcd1 Nf6 24. R5d4 Kg8 25. h3 Rxd4 26. Rxd4 Ne4 27. Qd1 h5
28. a4 Re8 29. Nd6 Nxd6 30. Rxd6 Qe5 31. Rd5 Qf6 32. Rd4 Rc8 33. b4 Qc6 34. b5
Qc1 35. Qxc1 Rxc1+ 36. Kh2 Rc7 37. Kg3 Kg7 38. Kf4 {1/2-1/2 (38) Rodshtein,M 
(2689)-Duda,J (2666) Drancy 2016}) 9. Nf3 Nc6 10. Bc4 Bb4+ $1 {un jaque
intermedio muy importante} 11. Nbd2 Nb6 12. Bb5 Qd5 $5 {Las negras reaccionan
con energía esta jugada implica el sacrificio del peón e} (12... f6 13.
O-O O-O 14. Qc2 Be6) 13. Bxc6+ bxc6 14. Bxe5 ({Es posible según los mó
+dulos} 14. Qc2 Ba6 15. Nxe5 Rd8 16. Bc3 {pero en partida viva parece una
decisión muy arriesgada para las blancas}) 14... Bg4 $1 15. Bc7 (15. Bxg7
Rg8 {sería desastroso para las blancas}) 15... O-O 16. a3 Bxf3 17. axb4 $4 {
So comete un error que solo puede achacarse a una terrible perdida de
concentración : las negras ganan la dama y la partida} ({con} 17. gxf3 Bxd2+
18. Qxd2 Qxf3 {las negras tienen mejor juego pero queda partida aún por
delante}) 17... Bxd1 18. g4 0-1

[Event "Magistral Ciudad  Leon XXX"]
[Site "Leon"]
[Date "2017.07.07"]
[Round "1.2"]
[White "Jan-Krzysztof, Duda"]
[Black "Wesley, So"]
[Result "1/2-1/2"]
[WhiteElo "2707"]
[BlackElo "2810"]
[Annotator "ChessBase"]
[PlyCount "151"]
[EventDate "2017.??.??"]
[EventType "k.o."]
[EventCountry "ESP"]
[Source "ChessBase"]
[TimeControl "1200+10"]

1. e4 e6 2. d4 d5 3. Nd2 Be7 4. Bd3 c5 5. dxc5 Nf6 6. Ngf3 dxe4 7. Nxe4 Nxe4 8.
Bxe4 Qxd1+ 9. Kxd1 Bxc5 10. Be3 Bxe3 11. fxe3 {las blancas deciden jugar sólido en vista de la inesperada ventaja de que disfrutan en el marcador} Nd7
12. Nd2 Ke7 13. Ke2 Nc5 14. Bf3 Bd7 15. c4 a5 16. Ne4 Rac8 17. Rhc1 Na6 18. b3
b5 19. Nc3 b4 20. Bb7 bxc3 21. Bxa6 Rc7 22. a4 Bc6 23. g3 Rd8 24. Rxc3 Rcd7 25.
Rc2 Rd3 26. Bb5 Be4 27. Rb2 Rc3 28. c5 $1 Rxc5 29. Bc4 Rb8 30. Rd2 Rb4 31. Rd4
Bc2 32. Ra3 g5 33. Kd2 Bg6 34. Ra1 Rf5 35. Ke2 g4 36. Ra2 Rh5 37. Ke1 Re5 38.
Ke2 Be4 39. Rad2 Rb7 40. Bb5 Bf3+ 41. Kf2 Rh5 42. Ke1 Rc7 43. Rd7+ Rxd7 44.
Rxd7+ Kf6 45. Rd2 Re5 46. Kf2 Rf5 47. Ke1 h5 48. Rd4 Re5 49. Kd2 h4 50. gxh4
Rh5 51. Be2 e5 52. Rc4 Bxe2 53. Kxe2 Kf5 54. h3 gxh3 55. Kf3 Rh8 56. Kg3 Rb8
57. e4+ Kg6 58. Rc3 Rb4 59. Re3 f5 60. exf5+ Kxf5 61. Kxh3 Kf4 62. Rc3 e4 63.
Kg2 Rd4 64. Kf2 Rd2+ 65. Ke1 Rh2 66. Rc5 Kf3 67. Rf5+ Ke3 68. Kd1 Rd2+ 69. Kc1
Rd3 70. Kc2 Rd2+ 71. Kc3 Rd3+ 72. Kc4 Rd4+ 73. Kc3 Rd3+ 74. Kc4 Rd4+ 75. Kc3
Rd3+ 76. Kc4 1/2-1/2

[Event "Magistral Ciudad  Leon XXX"]
[Site "Leon"]
[Date "2017.07.07"]
[Round "1.3"]
[White "So, Wesley"]
[Black "Duda, Jan-Krzysztof"]
[Result "1-0"]
[WhiteElo "2810"]
[BlackElo "2707"]
[Annotator "ChessBase"]
[PlyCount "145"]
[EventDate "2017.??.??"]
[EventType "k.o."]
[EventCountry "ESP"]
[Source "ChessBase"]
[TimeControl "1200+10"]

1. Nf3 c5 2. c4 Nc6 3. Nc3 g6 4. e3 Nf6 5. d4 cxd4 6. exd4 d5 7. cxd5 Nxd5 8.
Qb3 Nxc3 9. Bc4 {Una suquencia conocida desde hace dÃ cadas que ha sido
considerada dudosa para las negras hasta hace muy poco, en la actualidad la
variante ha sido rehabilitada y apareca con cierta regularidad en la práctica
magistral} Nd5 10. Bxd5 e6 11. Bxc6+ bxc6 12. O-O Qd5 $1 13. Be3 Be7 {las
últimas jugadas de las negras son la manera moderna de interpretar esta
posición: ña dama centralizada en d5 y el alfil en e7 controlan casillas
muy importantes para la defensa de la posición negra} 14. Rfc1 f6 {otra de
las jugadas típicas del programa negro se controlan casillas centrales y se
habilita f7 para el rey.} 15. Nd2 Bd7 {Duda se aparta de la partida modelo
Giri-So en la que su rival de hoy conducía las piezas negras} ({La citada
partida continuó} 15... Kf7 16. Rc2 a5 17. Qc4 Bb7 18. Nb3 Ba6 19. Qxd5 cxd5
20. Nxa5 Bd3 21. Rc3 Bb5 22. Nb3 Bc4 23. Nc1 Rhc8 24. a3 e5 25. Nd3 Ke6 26.
Rac1 Rcb8 27. b4 Ra6 28. f4 Bxd3 29. Rxd3 Rba8 30. dxe5 fxe5 31. fxe5 Rxa3 32.
Rxa3 {1/2-1/2 (32) Giri,A (2771)-So,W (2812) Leuven 2017}) 16. Qc3 Kf7 {este
típo de posición es el que buscan ambos jugadores: las blancas mantienen
cierta ventaja gracias al espacio que concede su peón central, a partir de
aquí todo depende de si las blancas son capaces de lograr maniobrar con
acierto con su caballo forzando a cambiarlo popr el alfil de casillas negras y
despuÃ s intentar aprovechar la debilidad resultante de este cambio en las
casillas negras del bando negro.} 17. Nc4 ({Tras} 17. f3 $5 Rhb8 18. Ne4 a5 19.
Qd2 a4 20. Bf2 Kg7 21. Rc2 Qa5 22. Qf4 {Las blancas acabaron ganando en la
partida: Matlakov,M (2695)-Alekseev,E (2679) St Petersburg 2014}) 17... Rhb8
18. Bf4 Rb5 19. Rd1 Be8 20. b3 Rd8 21. Qe1 $5 {dejando paso al alfil hacia el
flanco de dama} Qd7 {Adelantandose a Ce3 y liberando la casilla d5 para la
torre} 22. Bd2 {el alfil se dirige en algunas variantes a la casilla a5} Rd5
23. Ba5 Rc8 24. Bc3 Kg7 (24... c5 $5 25. Ne3 $5 (25. dxc5 Bxc5 26. Rxd5 exd5
27. Rd1 Qe6 28. Ne3 Bxe3 29. fxe3 {parece igualar}) 25... Rxd4 $1 26. Bxd4 cxd4
27. Nc4 Kg7 {con compensación plena por la calidad}) 25. Ne3 Rb5 26. Rd3 g5
$5 {abriendo caminos para el afil de casillas blancas pero debilitando algo la
posición en el flanco de rey.} 27. Nc4 Rd5 28. Rad1 Bf7 29. h3 {La posició
+n debe estar equilibrada, la cuestión es para cual de los dos jugadores es
más difícil jugar en un eventual apuro de tiempo. Las blancas pueden
esperar el momento adecuado para emprender alguna acción} h5 30. Qe2 ({
contra} 30. h4 $5 {lomejor debe ser la crítica} gxh4 $5 31. f4 Bg6 32. Rh3
Bf5 33. Rxh4 Bg4 {con una posición muy tensa en la que las negras deben ser
muy precisas para no caer en una situación desesperada, por ejemplo:} 34.
Ne3 Bxd1 35. Qxd1 Rh8 $1 36. f5 Rxf5 37. Nxf5+ exf5 38. Rxh5 Rxh5 39. Qxh5 Qd5
{y las negras no tienen problemas}) 30... Re8 31. Ne3 Rb5 32. Nf1 $5 {el
caballo busca g3 y tal vez e4, Duda decide cambiarlo por su alfil} Bd6 $6 (
32... Rd5 33. Ng3 h4 34. Ne4 Bg6 {no era peligroso para el negro}) 33. Ng3 Bxg3
{sin embargo esto debilita bastante la posición negra que sufrirá mucho si
el blanco logra de alguna manera abrir el juego} 34. Rxg3 h4 {Intentando
dificultar la apertura del juego, pero las blancas tienen a su disposición
la ruptura g4} 35. Re3 Rd5 36. f4 $1 gxf4 37. Qg4+ Rg5 38. Qxf4 {las blancas
tienen ventaja} e5 39. Qxh4 Bd5 40. Rg3 {Las negras con muy poco tiempo en el
reloj entran en posición crítica} Rxg3 41. Qxg3+ Kf7 42. dxe5 $1 Rg8 43.
Qf3 $1 Ke8 ({es mejor pero a la larga desesperado} 43... Bxf3 44. Rxd7+ Ke8 45.
Rd2) 44. Qh5+ Kd8 45. Rd2 fxe5 46. Qxe5 Kc8 47. Kh2 $1 Kb7 48. Re2 Ka8 {la
opción más practica poner el rey a buen recaudo y esperar que un error de
So permita el milagro de la salvación} 49. Be1 Qh7 50. Bg3 Rh8 51. Qe7 Qf5
52. Rf2 Qh5 53. Rf8+ {lo más sencillo} Rxf8 54. Qxf8+ Kb7 55. Qb8+ Ka6 56. Bf2
Qf7 57. Qc8+ Kb5 58. Qb8+ Ka6 59. Bd4 $1 Qe7 ({si} 59... Bxg2 60. Bxa7 $1 {
fuerza el abandono}) 60. Bxa7 {Â!A pesar de todo! Wesley remata la partida
pasando a un final ganado} Qxa7 61. Qxa7+ Kxa7 62. h4 Kb6 63. h5 Kc5 64. Kg3
Kd6 65. h6 Bg8 66. Kf4 Ke6 67. Kg5 Bh7 68. b4 Kf7 69. a4 Be4 70. g4 Bc2 71. a5
Bd3 72. Kf4 Kg6 73. g5 {Y las negras abandonan.  Wesley So iguala el encuentro.
Buena partida del GM Filipino nacionalizado norteamericano que ha superado en
el juego de maniobra asu joven rival para rematar despuÃ s con el sacrificio
de una pieza pasando a un final en el que se ha impuesto con gran claridad.}
1-0

[Event "Magistral Ciudad  Leon XXX"]
[Site "Leon"]
[Date "2017.07.07"]
[Round "1.4"]
[White "Duda, Jan-Krzysztof"]
[Black "So, Wesley"]
[Result "0-1"]
[WhiteElo "2707"]
[BlackElo "2810"]
[Annotator "ChessBase"]
[PlyCount "80"]
[EventDate "2017.??.??"]
[EventType "k.o."]
[EventCountry "ESP"]
[Source "ChessBase"]
[TimeControl "1200+10"]

1. e4 e6 {Como en la segunda partida, Wesley So plantea la Defensa Francesa} 2.
d3 {Sien embargo Duda cambia y plantea el ataque Indio de rey que conduce a
posiciones inciertas y muy agudas.} d5 3. Nd2 Nf6 4. Ngf3 c5 5. g3 Nc6 6. Bg2
Be7 7. O-O O-O 8. Re1 b5 {una posición en la que las blancas han optado por
dor planes completamente distintos} 9. e5 {este avance es lo más agudo:las
blancas confían en sus posibilidades de ataque en el flanco de rey} (9. exd5)
9... Nd7 10. Nf1 a5 11. Bf4 ({en una partida en la que anterior So se
enfrentó con Ã xito a} 11. h4 b4 12. h5 a4 13. h6 g6 14. Bf4 a3 15. b3 Bb7
16. Qd2 Rc8 17. Rac1 Re8 18. N1h2 Qc7 19. Ng4 Nd4 20. Nxd4 cxd4 21. Bg5 Bf8 22.
Qf4 Qc3 23. Bf6 Qb2 24. Bg7 Be7 25. Bf6 Bf8 26. Bg7 Be7 27. Nf6+ Bxf6 28. exf6
Rxc2 29. Rxc2 Qxc2 30. Qxd4 Qc3 31. Qe3 d4 32. Qe2 Bxg2 33. Kxg2 Nc5 34. Qe5
Nxd3 35. Qb5 Nxe1+ 36. Kh3 Rc8 {0-1 (36) Giri,A (2785)-So,W (2815) chess.com
INT 2017}) 11... b4 12. h4 a4 13. N1h2 (13. a3 {es la respuesta clásica en
este tipo de posiciones}) 13... a3 14. b3 Bb7 15. Bh3 {Duda juega elige un
plan distinto al jugado por Giri, en lugar de avanzar rápidamente el peón
h prefiere atacar con las piezas menores} Rc8 16. Rc1 Re8 17. Ng5 $5 Bxg5 (
17... h6 $4 {se encuentra con} 18. Nxf7 $1 Kxf7 19. Qh5+ Kg8 20. Bxe6+ Kh7 21.
Bf5+ Kg8 22. Bxh6 {que destroza a las negras}) 18. hxg5 Nf8 {el caballo
defiende bien desde aquí a su rey el problema para el blanco es cómo
conseguir debilitar el enroque negro, porque el ataque por la columna h
paraece estar bien defendido por el caballo de f8. Una idea puede ser
sacrificar el caballo en f6 vía g4} 19. Qh5 Nd4 20. Bg2 (20. Ng4 $5 Ng6 (
20... Nf3+ 21. Kf1 Nxe1 22. Nf6+ Kh8 23. Qxf7 {da lugar a oscuras
complicaciones})) 20... Re7 {defiende el alfil de b7 oara jugar c4, pero la
torre es aquí una debilidad táctica debido al inminente sacrificio en f6}
21. Ng4 c4 $6 {So jugando con fuego provoca el sacrificio en f6} (21... Ng6)
22. Nf6+ $1 Kh8 (22... gxf6 23. exf6) 23. dxc4 $1 dxc4 24. Rcd1 $6 (24. Bxb7 $1
Rxb7 25. Rcd1 cxb3 26. cxb3 gxf6 (26... Qb6 27. Be3) 27. gxf6 Ng6 28. Be3 Rd7
29. Bxd4 Rxd4 30. Qh6 {ganando}) 24... cxb3 $6 (24... Bxg2 25. Kxg2 cxb3 26.
cxb3 Qb6 {la diferencia es que ahora contra} 27. Be3 Qb7+ {las negras se
desclavan con jaque}) 25. cxb3 $6 ({exigía un cálculo oreciso} 25. Bxb7 $1
bxc2 26. Bxc8 cxd1=Q 27. Rxd1 Qxc8 28. Rxd4 b3 29. axb3 Ra7 (29... a2 30. Ra4)
30. Ra4 Rxa4 31. bxa4 Qb7 (31... a2 32. Qxf7) 32. Be3 a2 33. Bd4 gxf6 34. gxf6
Qb1+ 35. Kh2 Qg6 36. Qe2 {y las negras están perdidas}) 25... Bxg2 26. Kxg2
Qb6 $1 {finalmente So encuentra la mejor defensa} 27. Re4 ({llevar el caballo
a d6 era aquí la la alternativa} 27. Ne4 $5 Nf5 28. Nd6 $1) 27... Nf5 28. Ng4
$4 ({Había que jugar sí o sí} 28. g4 $1 {confiando en el ataque al rey,
unica justificación de la estrategia blanca} Qb7 (28... Rc2 29. Rf1) 29. f3
Rc2+ 30. Kh3 $18) (28. Nxh7 $6 g6 $1 (28... Nxh7 $4 29. Rh1 $18) 29. Qh2 Nxh7
30. Rh1 f6 31. exf6 Rd7 {permite defenderse a las negras}) 28... Qb7 $1 29.
Rde1 Rc2 30. Qh1 Rxa2 {Ahora es Wesley el que ve coronada su estrategia por el
Ã xito} 31. Kh3 Rc2 32. Rd1 Rd7 33. f3 a2 {todo ha terminado} 34. Ne3 Nxe3 35.
Bxe3 Qa6 36. Rxb4 Rxd1 37. Qxd1 a1=Q 38. Rb8 Qf1+ 39. Kh4 Qh1+ 40. Kg4 h5+ {
Wesley So jugará el domingo la final ante el vencedor del encuentro entre
Anand y Jaime Santos} 0-1

[Event "Magistral de León"]
[Site "Leon"]
[Date "2017.07.08"]
[Round "1.1"]
[White "Anand, Viswanathan"]
[Black "Santos Latasa, Jaime"]
[Result "1/2-1/2"]
[WhiteElo "2783"]
[BlackElo "2542"]
[Annotator "Estremera,Sergio"]
[PlyCount "63"]
[EventDate "2017.07.08"]
[EventType "tourn"]
[EventRounds "4"]
[EventCountry "ESP"]
[SourceDate "2017.07.08"]

{La segunda semifinal del XXX Torneo Magistral de León es tal vez el
momento más esperado por la afición local: el leonés Jaime Santos Latasa,
jugador crecido ajedrecísticamente con el Magistral, se enfrenta nada más y
nada menos que al pentacampeón mundial Vishy Anand, ídolo máximo de la
afición que le ha visto ganar el Magistral en nueve ocasiones.      Jaime
ha participado desde muy pequeño en clases, conferencias, simultáneas y
cuantas actividades paralelas han tenido lugar al calor de magistral cuando
Anand vino por primera vez a León allá por el año 1997 apenas contaba
unos pocos meses de vida. Es sin duda una gran satisfacción para León
ver, como tras treinta años de continuado apoyo al ajedrez la ciudad ve
recompensado su esfuerzo con la aparición de un campeón de la
categoría de Jaime que recoge el testigo del que ha sido su mentor y
entrenador, el MI Marcelino Sión.} 1. e4 e5 2. Nf3 Nc6 3. Bb5 {Anand pasa
por ser uno de los jugadores de referencia para aquellos que quieran estudiar
los sutiles vericuetos de la Apertura Aspañola} ({Es en estos días la
moda entre la elite que tras años de luchar contra el muro berlinÃ s ha
obtado finalmente por eludirlo volviendo a la vetusta y semiolvidada Apertura
Italiana} 3. Bc4) 3... a6 4. Ba4 Nf6 5. O-O Be7 6. Re1 b5 7. Bb3 d6 (7... O-O)
8. c3 O-O 9. h3 Nb8 {Jaime elige el sólido sistema Breyer} 10. d4 Nbd7 11.
Nbd2 Bb7 12. Bc2 Re8 13. Nf1 Bf8 14. Ng3 g6 15. a4 Bg7 {Esta es la posición
principal de este sistema y ambos jugadores han llegado hasta aquí sin
apenas reflexión} 16. Bd3 d5 $5 {Jaime muestra sus cartas, esta
continuación aunque no es nueva, apenas se ha jugado a alto nivel} ({La
continuación principal es} 16... c6 {la siguiente partida es un ejemplo de
la práctica del propio Anand} 17. Be3 Qc7 18. Qd2 exd4 19. cxd4 c5 20. d5 c4
21. Bc2 Rec8 22. axb5 c3 23. bxc3 Nxd5 24. exd5 Bxc3 25. Qd1 Bxa1 26. Qxa1 axb5
27. Qd4 Qc3 28. Ne4 Qxd4 29. Nxd4 Bxd5 30. Nxd6 Rc5 31. N6xb5 Ra2 32. Bh6 Ra8
33. Bd3 Rd8 34. Bg5 Ra8 35. Be7 Rcc8 36. Nd6 Rc7 37. N4b5 Rc6 38. Bf1 Kg7 39.
g4 f6 40. g5 Rb8 41. h4 h5 42. Bh3 f5 43. Bf1 Kg8 44. Rd1 Bf3 45. Ra1 Bd5 46.
f4 Nc5 47. Rd1 Bf3 48. Bc4+ Kh7 49. Rf1 Be4 50. Ra1 Nd3 51. Nd4 Rc7 52. Nxe4
fxe4 53. Bf6 Rcb7 54. Ne6 Rb1+ 55. Rxb1 Rxb1+ 56. Kg2 Rb8 57. Kf1 Rc8 58. Bd5
Re8 59. Be5 Rc8 60. Ke2 Nc5 61. Nxc5 Rxc5 62. Bxe4 Ra5 63. Ke3 Ra3+ 64. Kd4 Ra5
65. f5 {1-0 (65) Anand,V (2797)-Baramidze,D (2594) Baden-Baden 2015}) {Anand
responde rápidamente} 17. Bg5 ({ni} 17. Nxe5 Nxe5 18. dxe5 Nxe4) ({ni} 17.
dxe5 dxe4 18. exf6 Nxf6 {ofrece nada alas blancas}) 17... b4 {tras jugar
rápidamente 17.î Pg5 Anand consume ahora varios minutos sin duda sorprendido
por la variante preparada por su joven rival} 18. cxb4 h6 19. Bxf6 Qxf6 20. Rc1
Qd6 {Hasta aquí se había jugado} {Anand introduce aquí la novedad} 21.
exd5 $5 {Una jugada muy lógica que dja libre la casilla e4 al î ..} ({
Alexei Shirov jugó} 21. b5 axb5 22. Bxb5 c6 23. Bf1 exd4 24. Nxd4 {sin
obtener nada tangible en la partida: A (2739)-Mamedyarov,S (2761) Moscow 2010})
21... exd4 22. Ne4 Qxb4 23. Rxc7 Ne5 {Santos que juega muy rápido esta sin
duda aÃ_|n dentro de su preparación, no así Anand que tiene 10 minutos
menos que su rival en el reloj} 24. Nxe5 Rxe5 25. f4 $1 {Anand demuestra que
aun con buena preparación es dificil igualar contra Ã l en las variantes
clásicas de la española, con esta jugada el Gm indio mantiene la iniciativa
} Ree8 $1 (25... Rxd5 $2 {se encuentra con el mazazo} 26. Ng5 $1 hxg5 27. Ree7
{con iniciativa probablemente ganadora}) 26. d6 Rad8 $1 {Jaime está a la
altura} ({Si} 26... Bxe4 $2 27. d7 $1 Red8 28. Rxe4 $16) 27. Nd2 $5 (27. d7 Re7
) 27... Bd5 {la mejor defensa: solucionando el problema de la del alfil y
defendiendo c7} ({no es posible} 27... Rxe1+ 28. Qxe1 Rxd6 $4 29. Qe8+ $18) 28.
Rxe8+ Rxe8 29. d7 Rd8 30. Qe2 Be6 {Santos que se ha defendido con gran
precisión ha neutralizado definitivamente  la iniciativa blanca} 31. Nf3 Qb6
$1 {la posición es incluso algo mejor para las negras} 32. Rc8 {Anand
ofrece tablas que son aceptadas por su rival: gran preparación de Jaime
Santos que ha rayado a gran nivel en el duelo teórico.} (32. Rc8 Bxd7 33.
Rxd8+ Qxd8 34. Bxa6 Bxa4 35. Bc4 d3 36. Qxd3 Qxd3 37. Bxd3 Bxb2 $11) 1/2-1/2